00000000nam##2200000za#4500
0019.612563
003CaOODSP
00520211126112846
007ta
008150406|1995||||xxc|||||     f|0| 0 eng|d
020 |a0-662-23793-5
022 |a1192-5434
040 |aCaOODSP|beng
043 |an-cn---
0861 |aFB3-2/95-9E
1102 |aBank of Canada.
24510|aSelection of the truncation lag in structural VARS or (VECMs) with long-run restrictions / |cby Alain DeSerres and Alain Guay, International Department.
260 |aOttawa - Ontario : |bBank of Canada |c1995.
300 |a39p. : |bgraphs, references, tables ; |c28 cm.
4901 |aWorking paper|x1192-5434|v95-9
500 |a"The authors examine the issue of lag-length selection in the context of a structural vector autoregression (VAR) and a vector error-correction model with long-run restrictions. First, they show that imposing long-run restrictions implies, in general, a moving-average (MA) component in the stationary multivariate representation. Then they examine the sensitivity of estimates of the permanent and transitory components to the selection of the lag length required in a VAR system to approximate this MA component."--Abstract.
5203 |aThe authors examine the issue of lag-length selection in the context of a structural vector autoregression (VAR) and a vector error-correction model with long-run restrictions. First, they show that imposing long-run restrictions implies, in general, a moving-average (MA) component in the stationary multivariate representation. Then they examine the sensitivity of estimates of the permanent and transitory components to the selection of the lag length required in a VAR system to approximate this MA component.--Abstract
546 |aRésumés en français
563 |aSoftcover
590 |a95-43|b1995-10-27
69007|aEconomy|2gcpds
7201 |aGuay, Alain
7201 |aDeSerres, Alain
7760#|tSelection of the truncation lag in structural VARS or (VECMs) with long-run restrictions / |w(CaOODSP)9.571640
830#0|aWorking paper,|x1192-5434|v95-9|w(CaOODSP)9.514622